Top 5 Madden 26 Ratings on Each Team - Statistics

General Stats
  • This quiz has been taken 52 times
  • The average score is 94 of 160
Answer Stats
Team Overall Position Answer % Correct
ArizonaCardinals 97 TE Trey McBride
91%
Chicago Bears 85 QB Caleb Williams
88%
Los Angeles Rams 89 HB Kyren Williams
88%
Seattle Seahawks 88 DT Leonard Williams
88%
Dallas Cowboys 90 DT Quinnen Williams
88%
San Francisco 49ers 97 LT Trent Williams
88%
Detroit Lions 96 WR Amon-Ra St Brown
85%
ArizonaCardinals 90 SS Budda Baker
85%
CarolinaPanthers 96 DT Derrick Brown
85%
Atlanta Falcons 95 HB Bijan Robinson
82%
Philadelphia Eagles 91 WR DeVonta Smith
82%
Atlanta Falcons 92 WR Drake London
82%
CincinnatiBengals 99 WR Ja'Marr Chase
82%
SeattleSeahawks 95 WR Jaxon Smith-Njigba
82%
Chicago Bears 90 CB Jaylon Johnson
82%
Cincinnati Bengals 96 QB Joe Burrow
82%
Minnesota Vikings 88 DT Jonathan Allen
82%
BuffaloBills 99 QB Josh Allen
82%
JacksonvilleJaguars 88 REDG Josh Hines-Allen
82%
BaltimoreRavens 94 QB Lamar Jackson
82%
PhiladelphiaEagles 99 RT Lane Johnson
82%
Arizona Cardinals 85 LT Paris Johnson Jr
82%
Baltimore Ravens 92 MIKE Roquan Smith
82%
Kansas City Chiefs 91 RG Trey Smith
82%
Dallas Cowboys 88 LG Tyler Smith
82%
BaltimoreRavens 94 HB Derrick Henry
79%
New England Patriots 86 TE Hunter Henry
79%
Buffalo Bills 86 REDG Joey Bosa
79%
San Francisco 49ers 95 LEDG Nick Bosa
79%
Dallas Cowboys 93 WR CeeDee Lamb
76%
Dallas Cowboys 91 QB Dak Prescott
76%
Dallas Cowboys 88 WR George Pickens
76%
Buffalo Bills 93 HB James Cook III
76%
Las VegasRaiders 97 LEDG Maxx Crosby
76%
Cincinnati Bengals 88 WR Tee Higgins
76%
Las Vegas Raiders 83 HB Ashton Jeanty
74%
Las Vegas Raiders 93 TE Brock Bowers
74%
San Francisco 49ers 96 HB Christian McCaffrey
74%
New York Jets 86 WR Garrett Wilson
74%
DetroitLions 98 HB Jahmyr Gibbs
74%
IndianapolisColts 96 HB Jonathan Taylor
74%
Los Angeles Chargers 89 QB Justin Herbert
74%
ClevelandBrowns 99 REDG Myles Garrett
74%
Los Angeles Rams 97 WR Puka Nacua
74%
Philadelphia Eagles 92 HB Saquon Barkley
74%
Pittsburgh Steelers 94 LEDG TJ Watt
74%
Kansas City Chiefs 94 DT Chris Jones
71%
Los Angeles Rams 90 WR Devante Adams
71%
San Francisco 49ers 97 MIKE Fred Warner
71%
San Francisco49ers 98 TE George Kittle
71%
Atlanta Falcons 94 FS Jessie Bates III
71%
Green Bay Packers 87 QB Jordan Love
71%
Green Bay Packers 91 HB Josh Jacobs
71%
Seattle Seahawks 90 HB Kenneth Walker III
71%
Los AngelesRams 98 QB Matthew Stafford
71%
Tampa Bay Buccaneers 91 WR Mike Evans
71%
Kansas City Chiefs 92 QB Patrick Mahomes
71%
DenverBroncos 97 CB Pat Surtain II
71%
Cincinnati Bengals 90 REDG Trey Hendrickson
71%
MiamiDolphins 92 WR Tyreek Hill
71%
New York Jets 86 HB Breece Hall
68%
New England Patriots 93 QB Drake Maye
68%
MinnesotaVikings 94 WR Justin Jefferson
68%
Green BayPackers 98 REDG Micah Parsons
68%
Houston Texans 89 WR Nico Collins
68%
Detroit Lions 93 LEDG Aidan Hutchinson
65%
New Orleans Saints 87 WR Chris Olave
65%
Los AngelesChargers 93 SS Derwin James Jr
65%
Miami Dolphins 87 HB De'Von Achane
65%
PittsburghSteelers 94 FS Jalen Ramsey
65%
Miami Dolphins 86 WR Jaylen Waddle
65%
Baltimore Ravens 93 SS Kyle Hamilton
65%
New York Giants 86 WR Malik Nabers
65%
New England Patriots 87 WR Stefon Diggs
65%
Washington Commanders 90 WR Terry McLaurin
65%
Jacksonville Jaguars 87 HB Travis Etienne Jr
65%
New YorkGiants 93 LT Andrew Thomas
62%
Tampa Bay Buccaneers 86 HB Bucky Irving
62%
PittsburghSteelers 95 DT Cameron Heyward
62%
New EnglandPatriots 98 CB Christian Gonzalez
62%
New OrleansSaints 91 MIKE Demario Davis
62%
Miami Dolphins 89 FS Minkah Fitzpatrick
62%
Tennessee Titans 83 HB Tony Pollard
62%
Indianapolis Colts 88 CB Charvarius Ward Sr
59%
Pittsburgh Steelers 86 K Chris Boswell
59%
Kansas CityChiefs 95 C Creed Humphrey
59%
Seattle Seahawks 87 LEDG DeMarcus Lawrence
59%
Cleveland Browns 93 CB Denzel Ward
59%
Houston Texans 92 CB Derek Stingley Jr
59%
New York Giants 93 DT Dexter Lawrence II
59%
TennesseeTitans 95 DT Jeffery Simmons
59%
Houston Texans 88 HB Joe Mixon
59%
ChicagoBears 96 LG Joe Thuney
59%
Detroit Lions 98 RT Penei Sewell
59%
Tampa Bay Buccaneers 94 DT Vita Vea
59%
Atlanta Falcons 93 RG Chris Lindstrom
56%
Houston Texans 92 REDG Danielle Hunter
56%
Seattle Seahawks 91 CB Devon Witherspoon
56%
Carolina Panthers 89 CB Jaycee Horn
56%
Los Angeles Chargers 85 LT Joe Alt
56%
Las Vegas Raiders 91 LT Kolton Miller
56%
Kansas City Chiefs 92 CB Trent McDuffie
56%
Tampa BayBuccaneers 95 LT Tristan Wirfs
56%
HoustonTexans 94 LEDG Will Anderson Jr
56%
Los Angeles Rams 88 LEDG Jared Verse
53%
Indianapolis Colts 94 LG Quenton Nelson
53%
Tampa Bay Buccaneers 92 FS Antoine Winfield Jr
50%
Washington Commanders 92 MIKE Bobby Wagner
50%
Philadelphia Eagles 91 LT Jordan Mailata
50%
WashingtonCommanders 94 LT Laremy Tunsil
50%
Carolina Panthers 84 HB Rico Dowdle
50%
Indianapolis Colts 90 CB Sauce Gardner
50%
Philadelphia Eagles 90 WILL Zack Baun
50%
Pittsburgh Steelers 87 REDG Alex Highsmith
47%
Detroit Lions 91 SS Brian Branch
47%
New York Giants 89 REDG Brian Burns
47%
Indianapolis Colts 91 DT DeForest Buckner
47%
Denver Broncos 96 LT Garett Bolles
47%
Jacksonville Jaguars 82 WR Jakobi Meyers
47%
Arizona Cardinals 85 REDG Josh Sweat
47%
Los Angeles Chargers 86 REDG Khalil Mack
47%
Denver Broncos 95 RG Quinn Meinerz
47%
Minnesota Vikings 90 LT Christian Darrisaw
44%
New YorkJets 88 K Nick Folk
44%
Denver Broncos 91 REDG Nik Bonitto
44%
Los Angeles Chargers 92 LT Rashawn Slater
44%
Green Bay Packers 92 SS Xavier McKinney
44%
Washington Commanders 84 DT Da'Ron Payne
41%
Buffalo Bills 88 LT Dion Dawkins
41%
Cleveland Browns 86 LG Joel Bitonio
41%
New York Jets 83 RG Alijah Vera-Tucker
38%
New York Jets 83 RT Armand Membou
35%
New Orleans Saints 81 LEDG Chase Young
35%
Buffalo Bills 88 LEDG Greg Rousseau
35%
New York Giants 84 MIKE Bobby Okereke
32%
Cleveland Browns 86 WILL Devin Bush
32%
Jacksonville Jaguars 86 MIKE Devin Lloyd
32%
Denver Broncos 88 MIKE Dre Greenlaw
32%
Baltimore Ravens 91 DT Nnamdi Madubuike
32%
Miami Dolphins 85 C Aaron Brewer
29%
New Orleans Saints 88 C Erik McCoy
29%
Chicago Bears 86 SS Jaquan Brisker
29%
Cleveland Browns 83 WILL Jeremiah Owusu-Koramoah
29%
Washington Commanders 87 RG Sam Cosmi
29%
Chicago Bears 87 RT Darnell Wright
26%
Atlanta Falcons 89 LT Jake Matthews
26%
New England Patriots 86 RG Mike Onwenu
26%
Minnesota Vikings 91 C Ryan Kelly
26%
Carolina Panthers 84 RT Taylor Moton
26%
Green Bay Packers 87 RT Zach Tom
26%
Minnesota Vikings 87 RT Brian O'Neill
24%
Las Vegas Raiders 82 SS Jeremy Chinn
24%
New Orleans Saints 85 FS Justin Reid
24%
Tennessee Titans 89 RG Kevin Zeitler
24%
Tennessee Titans 84 LG Peter Skoronski
24%
Cincinnati Bengals 83 CB DJ Turner II
21%
Jacksonville Jaguars 85 WILL Foyesade Oluokun
21%
Carolina Panthers 85 LG Damien Lewis
15%
ArizonaCardinals 84 C Hjalte Froholdt
9%
Tennessee Titans 81 FS Xavier Woods
3%
No matching quizzes found
Score Distribution
Percent of People with Each Score
Percentile by Number Answered
Your Score History
You have not taken this quiz